[Event "marquesdepombal"]
[Site "?"]
[Date "2024.10.04"]
[Round "3.1"]
[White "Veiga, Jose Francisco"]
[Black "Faryma, Matviy"]
[Result "1-0"]
[LiveChessVersion "1.4.8"]
[BlackElo "2115"]
[WhiteElo "2412"]

1. Nf3 {[%clk 1:30:09]} Nf6 {[%clk 1:30:17]} 2. g3 {[%clk 1:30:27]} g6
{[%clk 1:30:06]} 3. Bg2 {[%clk 1:30:50]} Bg7 {[%clk 1:30:29]} 4. O-O
{[%clk 1:31:13]} O-O {[%clk 1:30:46]} 5. c4 {[%clk 1:31:17]} c5 {[%clk 1:29:31]}
6. d4 {[%clk 1:30:53]} cxd4 {[%clk 1:25:57]} 7. Nxd4 {[%clk 1:31:02]} Nc6
{[%clk 1:26:15]} 8. Nc3 {[%clk 1:31:03]} Nxd4 {[%clk 1:25:51]} 9. Qxd4
{[%clk 1:31:27]} d6 {[%clk 1:26:17]} 10. Qd3 {[%clk 1:30:25]} Bf5
{[%clk 1:24:44]} 11. e4 {[%clk 1:29:40]} Bd7 {[%clk 1:24:49]} 12. b3
{[%clk 1:29:22]} Bc6 {[%clk 1:23:08]} 13. Bg5 {[%clk 1:27:26]} Qa5
{[%clk 1:21:56]} 14. Bd2 {[%clk 1:26:56]} Qh5 {[%clk 1:16:46]} 15. h3
{[%clk 1:22:35]} Nd7 {[%clk 1:11:00]} 16. Rac1 {[%clk 1:13:53]} a5
{[%clk 0:56:13]} 17. Rfe1 {[%clk 0:50:56]} Bh6 {[%clk 0:26:30]} 18. Nd5
{[%clk 0:47:32]} Bxd5 {[%clk 0:26:28]} 19. exd5 {[%clk 0:47:53]} Bxd2
{[%clk 0:23:36]} 20. Qxd2 {[%clk 0:48:17]} Rfe8 {[%clk 0:23:54]} 21. Re3
{[%clk 0:44:48]} Qg5 {[%clk 0:23:16]} 22. Rce1 {[%clk 0:45:08]} a4
{[%clk 0:21:47]} 23. Qe2 {[%clk 0:44:46]} axb3 {[%clk 0:21:44]} 24. axb3
{[%clk 0:45:14]} Kf8 {[%clk 0:21:48]} 25. h4 {[%clk 0:44:42]} Qf6
{[%clk 0:21:49]} 26. Bh3 {[%clk 0:44:46]} Rad8 {[%clk 0:14:57]} 27. Kg2
{[%clk 0:43:27]} Ne5 {[%clk 0:13:40]} 28. c5 {[%clk 0:41:21]} Nd7
{[%clk 0:08:49]} 29. c6 {[%clk 0:39:28]} Nb6 {[%clk 0:08:43]} 30. c7
{[%clk 0:38:47]} Ra8 {[%clk 0:08:38]} 31. Rf3 {[%clk 0:37:53]} Qe5
{[%clk 0:08:14]} 32. Be6 {[%clk 0:37:16]} f5 {[%clk 0:07:24]} 33. Qxe5
{[%clk 0:36:26]} dxe5 {[%clk 0:07:49]} 34. Rxe5 {[%clk 0:36:53]} Kg7
{[%clk 0:07:50]} 35. Rc3 {[%clk 0:37:11]} Kf6 {[%clk 0:07:32]} 36. Re2
{[%clk 0:37:35]} Nc8 {[%clk 0:07:26]} 37. b4 {[%clk 0:35:46]} Ra4
{[%clk 0:04:31]} 38. Bd7 {[%clk 0:35:56]} 1-0

[Event "marquesdepombal"]
[Site "?"]
[Date "2024.10.04"]
[Round "3.2"]
[White "Gori, Andrea"]
[Black "Goncalves, Samuel Jesus Pereira"]
[Result "0-1"]
[LiveChessVersion "1.4.8"]
[BlackElo "2240"]
[WhiteElo "1978"]

1. d4 {[%clk 1:23:45]} Nf6 {[%clk 1:30:53]} 2. Nf3 {[%clk 1:24:11]} g6
{[%clk 1:31:16]} 3. e3 {[%clk 1:24:33]} Bg7 {[%clk 1:31:38]} 4. Bd3
{[%clk 1:24:54]} c5 {[%clk 1:31:18]} 5. O-O {[%clk 1:25:00]} O-O {[%clk 1:30:53]}
6. Nbd2 {[%clk 1:24:40]} d5 {[%clk 1:29:58]} 7. c3 {[%clk 1:22:42]} Qc7
{[%clk 1:29:42]} 8. dxc5 {[%clk 1:20:05]} Nbd7 {[%clk 1:28:06]} 9. Nb3
{[%clk 1:13:18]} a5 {[%clk 1:24:05]} 10. a4 {[%clk 1:11:47]} Rd8 {[%clk 1:20:52]}
11. Qc2 {[%clk 1:06:28]} Nxc5 {[%clk 1:19:22]} 12. Nxc5 Qxc5 {[%clk 1:19:44]} 13.
c4 {[%clk 1:03:15]} dxc4 {[%clk 1:14:24]} 14. Bxc4 {[%clk 0:58:09]} Be6
{[%clk 1:14:45]} 15. Bb3 {[%clk 0:57:42]} Qxc2 {[%clk 1:15:03]} 16. Bxc2
{[%clk 0:58:03]} Rac8 {[%clk 1:15:24]} 17. Bb1 {[%clk 0:52:44]} Bd5
{[%clk 1:13:22]} 18. Nd4 {[%clk 0:45:07]} Ne4 {[%clk 1:12:40]} 19. Ra3
{[%clk 0:20:39]} e5 {[%clk 1:11:34]} 20. Nb5 {[%clk 0:19:42]} Bf8
{[%clk 1:11:51]} 21. f3 {[%clk 0:13:31]} Bxa3 {[%clk 1:10:12]} 22. fxe4
{[%clk 0:13:36]} Bc4 {[%clk 1:10:36]} 0-1

[Event "marquesdepombal"]
[Site "?"]
[Date "2024.10.04"]
[Round "3.3"]
[White "Monteiro, Paulo Alexandre Gomes"]
[Black "Goncalves, Lucas Jordao"]
[Result "1-0"]
[LiveChessVersion "1.4.8"]
[BlackElo "1971"]
[WhiteElo "2202"]

1. d4 {[%clk 1:25:41]} d5 {[%clk 1:24:37]} 2. c4 {[%clk 1:26:00]} e6
{[%clk 1:24:59]} 3. Nc3 {[%clk 1:26:19]} Nf6 {[%clk 1:25:22]} 4. Bg5
{[%clk 1:26:33]} Be7 {[%clk 1:25:46]} 5. e3 {[%clk 1:26:03]} O-O {[%clk 1:25:31]}
6. Nf3 {[%clk 1:26:20]} h6 {[%clk 1:25:55]} 7. Bxf6 {[%clk 1:25:44]} Bxf6
{[%clk 1:25:30]} 8. Qd2 {[%clk 1:25:50]} b6 {[%clk 1:25:51]} 9. O-O-O
{[%clk 1:25:43]} Bb7 {[%clk 1:25:01]} 10. cxd5 exd5 {[%clk 1:25:25]} 11. g4
{[%clk 1:24:26]} Bh4 {[%clk 1:19:14]} 12. Rg1 {[%clk 1:18:11]} Nd7
{[%clk 1:17:51]} 13. Bd3 {[%clk 1:12:46]} Qf6 {[%clk 1:17:30]} 14. Nxh4
{[%clk 1:06:35]} Qxh4 {[%clk 1:17:48]} 15. f4 {[%clk 1:06:28]} c5
{[%clk 1:13:18]} 16. g5 {[%clk 0:59:38]} g6 {[%clk 1:09:51]} 17. gxh6
{[%clk 0:53:21]} Kh7 {[%clk 1:09:55]} 18. f5 {[%clk 0:52:32]} Rg8
{[%clk 1:10:13]} 19. fxg6+ {[%clk 0:51:49]} fxg6 {[%clk 1:10:41]} 20. Rg3
{[%clk 0:46:31]} Raf8 {[%clk 1:10:55]} 21. Rdg1 {[%clk 0:46:08]} Rf6
{[%clk 1:11:12]} 22. Qg2 {[%clk 0:43:54]} Nf8 {[%clk 1:11:16]} 23. Ne2
{[%clk 0:41:31]} cxd4 {[%clk 1:10:18]} 24. Nxd4 {[%clk 0:41:32]} Kh8
{[%clk 1:08:50]} 25. Kb1 {[%clk 0:32:36]} Kh7 {[%clk 0:49:18]} 26. Nf3
{[%clk 0:27:08]} Qa4 {[%clk 0:48:16]} 27. h4 {[%clk 0:21:25]} Kh8
{[%clk 0:45:27]} 28. Nd4 {[%clk 0:17:40]} Ba6 {[%clk 0:41:35]} 29. Bc2
{[%clk 0:16:52]} Qd7 {[%clk 0:40:34]} 30. h5 {[%clk 0:16:10]} Qf7
{[%clk 0:37:42]} 31. Nf3 {[%clk 0:11:57]} Bc8 {[%clk 0:24:55]} 32. Ne5
{[%clk 0:09:07]} 1-0

[Event "marquesdepombal"]
[Site "?"]
[Date "2024.10.04"]
[Round "3.4"]
[White "Goncalves, Diogo Figueiredo"]
[Black "Ryabukhin, Roman"]
[Result "0-1"]
[LiveChessVersion "1.4.8"]
[BlackElo "2195"]
[WhiteElo "1968"]

1. e4 {[%clk 1:30:22]} c5 {[%clk 1:30:00]} 2. Nf3 {[%clk 1:30:46]} d6
{[%clk 1:30:29]} 3. d4 {[%clk 1:31:11]} cxd4 {[%clk 1:30:55]} 4. Nxd4
{[%clk 1:31:37]} Nf6 {[%clk 1:31:20]} 5. Nc3 {[%clk 1:32:03]} Nc6
{[%clk 1:31:46]} 6. Bg5 {[%clk 1:32:26]} e6 {[%clk 1:32:08]} 7. Qd2
{[%clk 1:32:50]} a6 {[%clk 1:32:34]} 8. O-O-O {[%clk 1:33:06]} Bd7
{[%clk 1:33:03]} 9. Kb1 {[%clk 1:31:48]} Nxd4 {[%clk 1:33:04]} 10. Qxd4
{[%clk 1:32:16]} Be7 {[%clk 1:32:12]} 11. f4 {[%clk 1:20:16]} Bc6
{[%clk 1:31:26]} 12. Be2 {[%clk 1:09:11]} Qc7 {[%clk 1:17:15]} 13. Bxf6
{[%clk 0:58:19]} Bxf6 {[%clk 1:11:38]} 14. Qxd6 {[%clk 0:58:41]} Qxd6
{[%clk 1:12:07]} 15. Rxd6 {[%clk 0:59:03]} Bxc3 {[%clk 1:11:53]} 16. bxc3
{[%clk 0:59:29]} Bxe4 {[%clk 1:12:20]} 17. Rd4 {[%clk 0:50:55]} Bxg2
{[%clk 1:08:14]} 18. Rg1 {[%clk 0:51:19]} Bc6 {[%clk 1:08:42]} 19. Rxg7
{[%clk 0:51:39]} Ke7 {[%clk 1:07:38]} 20. Bh5 {[%clk 0:50:12]} Raf8
{[%clk 1:08:01]} 21. Kb2 {[%clk 0:47:54]} Kf6 {[%clk 1:08:18]} 22. Rg3
{[%clk 0:45:56]} Rd8 {[%clk 1:01:25]} 23. Kc1 {[%clk 0:37:35]} Bd5
{[%clk 0:53:47]} 24. c4 {[%clk 0:30:24]} Bc6 {[%clk 0:54:08]} 25. c3
{[%clk 0:30:37]} Rxd4 {[%clk 0:53:36]} 26. cxd4 {[%clk 0:31:06]} Rd8
{[%clk 0:54:04]} 27. Rd3 {[%clk 0:30:36]} Be4 {[%clk 0:54:33]} 28. Rd1
{[%clk 0:27:10]} Rc8 {[%clk 0:54:41]} 29. Be2 {[%clk 0:26:48]} b5
{[%clk 0:51:08]} 30. c5 {[%clk 0:23:41]} Rg8 {[%clk 0:49:30]} 31. a4
{[%clk 0:15:53]} bxa4 {[%clk 0:36:56]} 32. Bxa6 {[%clk 0:16:21]} Bf3
{[%clk 0:33:55]} 33. Rf1 {[%clk 0:11:29]} Bd5 {[%clk 0:33:53]} 34. Kb2
{[%clk 0:06:06]} Rg2+ {[%clk 0:24:55]} 35. Ka3 {[%clk 0:06:35]} Rxh2
{[%clk 0:18:04]} 36. Bb5 {[%clk 0:04:12]} Ra2+ {[%clk 0:13:58]} 37. Kb4
{[%clk 0:04:41]} a3 {[%clk 0:14:27]} 38. c6 {[%clk 0:00:50]} Rc2 {[%clk 0:11:24]}
39. Kxa3 {[%clk 0:00:51]} Bxc6 {[%clk 0:11:49]} 40. Bxc6 {[%clk 0:00:40]} Rxc6
{[%clk 0:12:16]} 41. f5 {[%clk 0:00:37]} e5 {[%clk 0:10:50]} 42. dxe5+
{[%clk 0:01:06]} Kxe5 {[%clk 0:11:17]} 43. Kb4 {[%clk 0:01:12]} Rf6
{[%clk 0:11:10]} 44. Rh1 {[%clk 0:00:41]} h6 {[%clk 0:11:13]} 45. Rh5
{[%clk 0:01:03]} Kf4 {[%clk 0:11:34]} 46. Kc4 {[%clk 0:01:26]} Kg4
{[%clk 0:11:56]} 47. Rh1 {[%clk 0:01:45]} h5 {[%clk 0:08:59]} 48. Kd4
{[%clk 0:02:01]} Rxf5 {[%clk 0:08:29]} 49. Ke4 {[%clk 0:02:10]} Rf4+
{[%clk 0:08:24]} 50. Ke3 {[%clk 0:02:37]} Rf3+ {[%clk 0:08:47]} 51. Ke2
{[%clk 0:02:54]} Rg3 {[%clk 0:07:56]} 52. Kf2 {[%clk 0:03:07]} h4
{[%clk 0:08:11]} 53. Ra1 {[%clk 0:03:22]} Rf3+ {[%clk 0:07:56]} 54. Kg2
{[%clk 0:03:15]} h3+ {[%clk 0:08:18]} 55. Kh2 {[%clk 0:03:36]} Rf2+
{[%clk 0:08:13]} 56. Kg1 {[%clk 0:03:32]} Kg3 {[%clk 0:08:27]} 57. Ra3+
{[%clk 0:03:36]} Rf3 {[%clk 0:08:55]} 58. Ra1 f5 {[%clk 0:09:14]} 59. Kh1
{[%clk 0:03:41]} Rf2 {[%clk 0:07:54]} 60. Rg1+ {[%clk 0:03:49]} Rg2
{[%clk 0:07:47]} 61. Rf1 {[%clk 0:03:36]} Rh2+ {[%clk 0:08:15]} 62. Kg1
{[%clk 0:03:55]} Ra2 {[%clk 0:08:10]} 63. Rb1 {[%clk 0:04:09]} f4
{[%clk 0:08:19]} 64. Kh1 {[%clk 0:03:37]} f3 {[%clk 0:08:25]} 65. Rg1+
{[%clk 0:03:22]} Rg2 {[%clk 0:08:49]} 66. Ra1 {[%clk 0:03:31]} Rh2+
{[%clk 0:09:15]} 0-1

[Event "marquesdepombal"]
[Site "?"]
[Date "2024.10.04"]
[Round "3.5"]
[White "Simoes, Miguel Patricio Caldeira"]
[Black "Assuncao, Francisco Daniel Costa"]
[Result "1-0"]
[LiveChessVersion "1.4.8"]
[BlackElo "1967"]
[WhiteElo "2177"]

1. e4 c6 2. Nc3 d5 3. Nf3 Nf6 4. e5 Ne4 5. Ne2 Qb6 6. d4 e6 7. Ng3 c5 8. Bd3 Nxg3
9. fxg3 Nc6 10. O-O cxd4 11. Qe2 h6 12. a3 a5 13. Nh4 Qc7 14. Qh5 g5 15. Rxf7
Qxf7 16. Bg6 Nxe5 17. Bxf7+ Nxf7 18. Ng6 Rg8 19. Ne5 Rg7 20. Nxf7 Rxf7 21. Bxg5
b5 22. Bxh6 Bc5 23. Kh1 Raa7 24. g4 Rae7 25. Bg5 Rd7 26. Re1 Rc7 27. Bf6 d3 28.
cxd3 Bf2 29. Rf1 b4 30. g5 Ba6 31. g6 Bxd3 32. gxf7+ Kf8 33. Qh8+ Kxf7 34. Qg7+
1-0

[Event "marquesdepombal"]
[Site "?"]
[Date "2024.10.04"]
[Round "3.6"]
[White "Araujo, Ricardo Franca Paulo Duarte"]
[Black "Camacho, Filipa Fernandes Brito"]
[Result "1-0"]
[LiveChessVersion "1.4.8"]
[BlackElo "1705"]
[WhiteElo "1963"]

1. e4 {[%clk 1:30:58]} c5 {[%clk 1:29:51]} 2. Nf3 {[%clk 1:31:17]} Nc6
{[%clk 1:30:15]} 3. d4 {[%clk 1:31:41]} cxd4 {[%clk 1:30:39]} 4. Nxd4
{[%clk 1:32:06]} g6 {[%clk 1:31:02]} 5. c4 {[%clk 1:32:30]} Bg7 {[%clk 1:31:24]}
6. Be3 {[%clk 1:32:55]} d6 {[%clk 1:30:57]} 7. Nc3 {[%clk 1:33:16]} Nf6
{[%clk 1:31:04]} 8. Be2 {[%clk 1:33:08]} O-O {[%clk 1:31:09]} 9. O-O
{[%clk 1:33:31]} a6 {[%clk 1:22:31]} 10. Qd2 {[%clk 1:32:38]} Bd7
{[%clk 1:21:00]} 11. f3 {[%clk 1:32:25]} Rc8 {[%clk 1:18:46]} 12. Rac1
{[%clk 1:31:36]} Nxd4 {[%clk 1:13:11]} 13. Bxd4 {[%clk 1:31:57]} Be6
{[%clk 1:13:37]} 14. b3 {[%clk 1:31:52]} Nd7 {[%clk 1:12:26]} 15. Be3
{[%clk 1:31:57]} Nb8 {[%clk 1:10:37]} 16. Kh1 {[%clk 1:30:40]} Nc6
{[%clk 1:09:29]} 17. Rfd1 {[%clk 1:28:02]} Ne5 {[%clk 1:01:04]} 18. f4
{[%clk 1:21:36]} Ng4 {[%clk 0:57:29]} 19. Bxg4 {[%clk 1:21:17]} Bxg4
{[%clk 0:57:48]} 20. Rf1 {[%clk 1:21:40]} Bd7 {[%clk 0:55:25]} 21. f5
{[%clk 1:21:00]} Bc6 {[%clk 0:53:06]} 22. Bh6 {[%clk 1:19:11]} b5
{[%clk 0:44:59]} 23. Rf3 {[%clk 1:17:46]} f6 {[%clk 0:39:30]} 24. Rh3
{[%clk 1:11:46]} g5 {[%clk 0:38:34]} 25. Ne2 {[%clk 1:09:27]} Bxh6
{[%clk 0:37:06]} 26. Rxh6 {[%clk 1:09:38]} Kg7 {[%clk 0:37:26]} 27. Nd4
{[%clk 1:08:49]} Bd7 {[%clk 0:31:16]} 28. Rh3 {[%clk 1:08:22]} bxc4
{[%clk 0:30:43]} 29. bxc4 {[%clk 1:08:02]} Rh8 {[%clk 0:28:10]} 30. Qd1
{[%clk 1:04:42]} Qb6 {[%clk 0:24:06]} 31. Rb3 {[%clk 1:00:33]} Qa7
{[%clk 0:21:27]} 32. Qg1 {[%clk 1:00:25]} Qa8 {[%clk 0:21:17]} 33. Qe3
{[%clk 0:59:46]} Rc5 {[%clk 0:20:10]} 34. h4 {[%clk 0:58:09]} h6 {[%clk 0:19:43]}
35. Rcb1 {[%clk 0:55:25]} Re8 {[%clk 0:14:43]} 36. Rb7 {[%clk 0:54:53]} Qc8
{[%clk 0:13:30]} 37. Rxd7 {[%clk 0:52:37]} Qxd7 {[%clk 0:13:33]} 38. Ne6+
{[%clk 0:53:00]} Kf7 {[%clk 0:13:14]} 39. Qe2 {[%clk 0:52:34]} Qxe6
{[%clk 0:08:19]} 40. Qh5+ {[%clk 0:52:58]} Kf8 {[%clk 0:08:06]} 41. fxe6
{[%clk 0:53:22]} Kg7 42. Qf7+ {[%clk 0:53:46]} Kh8 {[%clk 0:06:46]} 43. Qxe8+
{[%clk 0:54:12]} Kg7 {[%clk 0:06:47]} 44. Qf7+ {[%clk 0:54:39]} 1-0

[Event "marquesdepombal"]
[Site "?"]
[Date "2024.10.04"]
[Round "3.7"]
[White "Veleirinho, Antonio Carlos Da Rocha"]
[Black "Tenreiro, Manuel Costa Dias Torres"]
[Result "0-1"]
[LiveChessVersion "1.4.8"]
[BlackElo "1685"]
[WhiteElo "1562"]

1. b3 e6 2. Bb2 Nf6 3. e3 d5 4. Nc3 Be7 5. f4 O-O 6. Nf3 c5 7. Qe2 Nc6 8. d3 a6
9. Ne5 Qc7 10. Nxc6 Qxc6 11. Qf3 b5 12. g4 Bb7 13. Bg2 Rac8 14. g5 Nd7 15. Ne2 f6
16. h4 fxg5 17. hxg5 Bxg5 18. Qh5 Bh6 19. Qg4 Nf6 20. Qg3 Kh8 21. O-O-O Qc7 22.
Rh3 c4 23. dxc4 dxc4 24. Nd4 c3 25. Bxb7 cxb2+ 26. Kxb2 Qxb7 27. Nxe6 Rfe8 28.
Nd4 Qc7 29. Qg2 Qc3+ 30. Kb1 Rxe3 31. Rxe3 Qxe3 32. Nf5 Qe4 33. Qxe4 Nxe4 34.
Nxh6 Nc3+ 0-1

[Event "marquesdepombal"]
[Site "?"]
[Date "2024.10.04"]
[Round "3.8"]
[White "Ribeiro, Gustavo Martins Santos"]
[Black "Moldovan, Lucas Gabriel"]
[Result "1-0"]
[LiveChessVersion "1.4.8"]
[BlackElo "1998"]
[WhiteElo "2235"]

1. c4 e5 2. d3 Nc6 3. Nc3 g6 4. g3 Bg7 5. Bg2 d6 6. b3 Nge7 7. Bb2 O-O 8. e3 Rb8
9. Nge2 f5 10. Qd2 a6 11. O-O Kh8 12. f4 Ng8 13. fxe5 dxe5 14. Nd5 Nf6 15. Nec3
Nxd5 16. Nxd5 Be6 17. Ba3 Re8 18. Rac1 Na7 19. Rfd1 c6 20. Nc3 Qa5 21. Bd6 Ra8
22. Na4 Qxd2 23. Rxd2 Rad8 24. Ba3 Nc8 25. Nc5 Bf8 26. b4 Nd6 27. Nxe6 Rxe6 28.
Bb2 Bh6 29. Re2 Nf7 30. Rd1 Bg7 31. c5 e4 32. Bxg7+ Kxg7 33. d4 Ne5 34. Rc2 Ng4
35. Rc3 Nf6 36. a4 Nd5 37. Rb3 Re7 38. Bf1 g5 39. Bc4 Red7 40. Rf1 Kg6 41. b5
axb5 42. axb5 cxb5 43. Bxd5 Rxd5 44. Rxb5 R8d7 45. Rb6+ Kg7 46. Rfb1 f4 47. Rxb7
fxe3 48. c6 Kf6 49. Rxd7 Rxd7 50. cxd7 Ke7 51. Rb7 e2 52. Kf2 e3+ 53. Kxe2 h5 54.
Kxe3 h4 55. Ke4 hxg3 56. hxg3 g4 57. Kd5 Kd8 58. Kc6 Ke7 59. Rb8 1-0

[Event "marquesdepombal"]
[Site "?"]
[Date "2024.10.04"]
[Round "3.9"]
[White "Montenegro, Goncalo Matias Barbosa Torres"]
[Black "Faryma, Maksym"]
[Result "0-1"]
[LiveChessVersion "1.4.8"]
[BlackElo "1954"]
[WhiteElo "1686"]

1. c4 {[%clk 1:29:44]} e5 {[%clk 1:30:50]} 2. g3 {[%clk 1:29:49]} Nc6
{[%clk 1:31:12]} 3. Bg2 {[%clk 1:30:03]} Nge7 {[%clk 1:31:31]} 4. Nc3
{[%clk 1:30:18]} g6 {[%clk 1:31:51]} 5. a3 {[%clk 1:30:28]} Bg7 {[%clk 1:32:09]}
6. b4 {[%clk 1:30:44]} Rb8 {[%clk 1:31:50]} 7. Rb1 {[%clk 1:31:12]} O-O
{[%clk 1:31:57]} 8. d3 {[%clk 1:31:31]} d6 {[%clk 1:32:07]} 9. e3
{[%clk 1:31:37]} Be6 {[%clk 1:32:10]} 10. Nge2 {[%clk 1:31:49]} Qd7
{[%clk 1:31:45]} 11. O-O {[%clk 1:31:22]} Bh3 {[%clk 1:30:08]} 12. Bb2
{[%clk 1:27:11]} Bxg2 {[%clk 1:28:41]} 13. Kxg2 {[%clk 1:27:30]} f5
{[%clk 1:28:45]} 14. d4 {[%clk 1:13:32]} f4 {[%clk 1:26:18]} 15. exf4
{[%clk 1:12:26]} Nxd4 {[%clk 1:25:30]} 16. Nxd4 {[%clk 1:12:01]} exd4
{[%clk 1:25:17]} 17. Ne4 {[%clk 1:08:13]} c5 {[%clk 1:23:22]} 18. Qf3
{[%clk 1:03:03]} b6 {[%clk 1:23:22]} 19. Rfe1 {[%clk 0:59:47]} Rbe8
{[%clk 1:16:59]} 20. Re2 {[%clk 0:49:56]} h6 {[%clk 1:09:30]} 21. Qd3
{[%clk 0:48:08]} Nf5 {[%clk 1:07:57]} 22. Rbe1 {[%clk 0:46:13]} Re7
{[%clk 1:07:16]} 23. Bc1 {[%clk 0:42:50]} Rfe8 {[%clk 1:04:59]} 24. h3
{[%clk 0:41:20]} d5 {[%clk 0:53:00]} 25. Nd2 {[%clk 0:35:51]} Rxe2
{[%clk 0:50:31]} 26. Rxe2 {[%clk 0:36:12]} Rxe2 {[%clk 0:50:32]} 27. Qxe2
{[%clk 0:36:37]} Kh7 {[%clk 0:50:11]} 28. Qd3 {[%clk 0:34:52]} dxc4
{[%clk 0:49:37]} 29. Nxc4 {[%clk 0:34:38]} b5 {[%clk 0:49:52]} 30. bxc5
{[%clk 0:27:46]} Qd5+ {[%clk 0:49:47]} 31. Kg1 {[%clk 0:27:26]} bxc4 0-1

[Event "marquesdepombal"]
[Site "?"]
[Date "2024.10.04"]
[Round "3.10"]
[White "Bittner, Titus Teodor"]
[Black "Costa, Nuno Guilherme Raposo"]
[Result "1/2-1/2"]
[LiveChessVersion "1.4.8"]
[BlackElo "1657"]
[WhiteElo "1905"]

1. e4 {[%clk 1:30:59]} c5 {[%clk 1:27:55]} 2. Nc3 {[%clk 1:31:23]} e6
{[%clk 1:28:17]} 3. f4 {[%clk 1:31:48]} d5 {[%clk 1:28:02]} 4. Nf3
{[%clk 1:32:12]} Nf6 {[%clk 1:26:55]} 5. Bb5+ {[%clk 1:28:22]} Nc6
{[%clk 1:26:09]} 6. e5 {[%clk 1:27:41]} Nd7 {[%clk 1:26:09]} 7. Bxc6
{[%clk 1:27:56]} bxc6 {[%clk 1:26:29]} 8. O-O {[%clk 1:27:33]} c4
{[%clk 1:25:30]} 9. Qe1 {[%clk 1:20:44]} Be7 {[%clk 1:23:26]} 10. b3
{[%clk 1:14:49]} cxb3 {[%clk 1:23:24]} 11. axb3 {[%clk 1:15:07]} O-O
{[%clk 1:23:32]} 12. Kh1 {[%clk 1:12:45]} Bb7 {[%clk 1:21:23]} 13. d4
{[%clk 1:07:06]} Bb4 {[%clk 1:16:36]} 14. Ba3 {[%clk 1:01:56]} Qe7
{[%clk 1:13:03]} 15. Bxb4 {[%clk 1:01:40]} Qxb4 {[%clk 1:13:25]} 16. Ra4
{[%clk 1:00:18]} Qb6 {[%clk 1:13:24]} 17. Qg3 {[%clk 0:55:36]} c5
{[%clk 1:11:01]} 18. f5 {[%clk 0:50:11]} exf5 {[%clk 1:08:18]} 19. Nh4
{[%clk 0:48:30]} f4 {[%clk 0:59:11]} 20. Rxf4 {[%clk 0:45:35]} cxd4
{[%clk 0:58:30]} 21. Nf5 {[%clk 0:44:38]} g6 {[%clk 0:58:13]} 22. Nxd5
{[%clk 0:31:05]} Bxd5 {[%clk 0:54:53]} 23. Ne7+ {[%clk 0:31:06]} Kg7
{[%clk 0:54:53]} 24. Nxd5 {[%clk 0:31:31]} Qc5 {[%clk 0:54:17]} 25. Rfxd4
{[%clk 0:29:42]} Qxc2 {[%clk 0:52:43]} 26. h4 {[%clk 0:28:53]} Nb6
{[%clk 0:50:17]} 27. Nxb6 {[%clk 0:27:03]} axb6 {[%clk 0:50:18]} 28. Qf3
{[%clk 0:23:59]} Rxa4 {[%clk 0:45:01]} 29. Rxa4 {[%clk 0:23:40]} Qc1+
{[%clk 0:42:19]} 30. Kh2 {[%clk 0:24:03]} Qc7 {[%clk 0:42:21]} 31. Qf6+
{[%clk 0:24:08]} Kg8 {[%clk 0:41:38]} 32. Rc4 {[%clk 0:23:59]} Qd8
{[%clk 0:39:15]} 33. Rc6 {[%clk 0:23:16]} b5 {[%clk 0:35:09]} 34. Rd6
{[%clk 0:21:39]} Qc8 {[%clk 0:32:59]} 35. Rc6 {[%clk 0:19:56]} Qd8
{[%clk 0:32:13]} 36. h5 {[%clk 0:17:21]} gxh5 {[%clk 0:27:55]} 37. Rc3
{[%clk 0:16:52]} Qxf6 {[%clk 0:27:00]} 38. exf6 {[%clk 0:17:19]} Rb8
{[%clk 0:24:41]} 39. Kh3 {[%clk 0:16:49]} b4 {[%clk 0:22:54]} 40. Rc5
{[%clk 0:16:45]} h6 {[%clk 0:21:34]} 41. Rxh5 {[%clk 0:16:46]} Kh7
{[%clk 0:21:42]} 42. Rh4 {[%clk 0:16:55]} Kg6 {[%clk 0:21:38]} 43. Rf4
{[%clk 0:17:07]} Rb5 {[%clk 0:20:19]} 44. g3 {[%clk 0:16:40]} Kg5
{[%clk 0:19:20]} 45. Kg2 {[%clk 0:16:42]} h5 {[%clk 0:18:40]} 46. Kh3
{[%clk 0:16:55]} Kg6 {[%clk 0:18:09]} 47. Kh4 {[%clk 0:16:52]} Kh6
{[%clk 0:18:06]} 48. Rc4 {[%clk 0:16:54]} Kg6 {[%clk 0:17:34]} 49. Rc6
{[%clk 0:16:31]} Kh6 {[%clk 0:16:46]} 50. Kh3 {[%clk 0:16:24]} Kg5
{[%clk 0:16:28]} 51. Ra6 {[%clk 0:16:36]} Kf5 {[%clk 0:16:20]} 52. Kh4
{[%clk 0:16:43]} Kg6 {[%clk 0:16:46]} 53. Rc6 {[%clk 0:16:57]} Kh6
{[%clk 0:16:27]} 54. g4 {[%clk 0:17:10]} Kg6 {[%clk 0:16:35]} 55. Ra6
{[%clk 0:16:45]} hxg4 {[%clk 0:16:10]} 56. Kxg4 {[%clk 0:17:09]} Rg5+
{[%clk 0:16:36]} 57. Kh4 {[%clk 0:17:15]} Rd5 {[%clk 0:15:48]} 58. Rb6
{[%clk 0:15:41]} Rd4+ {[%clk 0:15:40]} 59. Kg3 {[%clk 0:15:59]} Rd3+
{[%clk 0:15:28]} 60. Kf4 {[%clk 0:15:57]} Rxb3 {[%clk 0:15:44]} 61. Ke4
{[%clk 0:16:04]} Rh3 {[%clk 0:15:15]} 62. Kd4 {[%clk 0:16:16]} Kf5
{[%clk 0:13:16]} 63. Kc4 {[%clk 0:15:49]} b3 {[%clk 0:13:30]} 64. Kd4
{[%clk 0:15:41]} Rf3 {[%clk 0:13:20]} 65. Kd5 {[%clk 0:14:40]} Rd3+
{[%clk 0:09:27]} 66. Kc4 {[%clk 0:15:02]} Ke4 {[%clk 0:08:45]} 67. Rb7
{[%clk 0:14:17]} Ke5 {[%clk 0:05:47]} 1/2-1/2